Consequences of Maritime Critical Infrastructure Accidents (Record no. 315879)

MARC details
000 -LEADER
fixed length control field 00418nam a2200133Ia 4500
008 - FIXED-LENGTH DATA ELEMENTS--GENERAL INFORMATION
fixed length control field 230920s9999||||xx |||||||||||||| ||und||
020 ## - INTERNATIONAL STANDARD BOOK NUMBER
International Standard Book Number 9780128196755
100 ## - MAIN ENTRY--PERSONAL NAME
Personal name Bogalecka, Magdalena
245 #0 - TITLE STATEMENT
Title Consequences of Maritime Critical Infrastructure Accidents
260 ## - PUBLICATION, DISTRIBUTION, ETC.
Date of publication, distribution, etc. 2019
Name of publisher, distributor, etc. Elsevier
650 ## - SUBJECT ADDED ENTRY--TOPICAL TERM
Topical term or geographic name entry element Environmental Science 2019
856 ## - ELECTRONIC LOCATION AND ACCESS
Uniform Resource Identifier <a href="https://www.sciencedirect.com/science/book/9780128196755">https://www.sciencedirect.com/science/book/9780128196755</a>
942 ## - ADDED ENTRY ELEMENTS (KOHA)
Koha item type E-BOOKS

No items available.

© Designed and Maintained by Vivekananda Library, MDU Rohtak